Το μεταναστευτικό φαινόμενο και προσβολή δικαιωμάτων του ανθρώπου : ισορροπία τρόμου μεταξύ ασφάλειας, ελευθερίας και δικαιοσύνης στην Ευρωπαϊκή Ένωση : διπλωματική εργασία

Η εργασία κατανέμει τη δομή της σε δύο μέρη: στο πρώτο μέρος, επιχειρείται η παρουσίαση της Ευρωπαϊκής Μεταναστευτικής Πολιτικής και εξετάζεται η συμβατότητά της με τα ανθρώπινα δικαιώματα. Στο δεύτερο μέρος της εργασίας ερευνάται η θέση της Ελλάδας στο χώρο ελευθερίας, ασφάλειας και δικαιοσύνης της...

Πλήρης περιγραφή

Αποθηκεύτηκε σε:
Λεπτομέρειες βιβλιογραφικής εγγραφής
Κύριος συγγραφέας: Βύρη, Χριστίνα
Συγγραφή απο Οργανισμό/Αρχή: Πανεπιστήμιο Αιγαίου. Σχολή Κοινωνικών Επιστημών. Τμήμα Κοινωνιολογίας. Μεταπτυχιακό Πρόγραμμα Σπουδών Ευρωπαϊκές Κοινωνίες και Ευρωπαϊκή Ολοκλήρωση
Μορφή: Thesis Βιβλίο
Γλώσσα:Greek
Δημοσίευση: 2016.
Θέματα:
Διαθέσιμο Online:http://hdl.handle.net/11610/17900
Ετικέτες: Προσθήκη ετικέτας
Δεν υπάρχουν, Καταχωρήστε ετικέτα πρώτοι!

MARC

LEADER 00000cam a2200000 a 4500
001 1/115543
008 171206s2016####gr | ||| |||| ||gre||
040 |a GR-MyUa  |b gre  |c GR-MyUa  |e AACR2 
041 0 |a gre 
082 7 |a 304.8  |2 (23) 
100 1 |a Βύρη, Χριστίνα. 
245 1 3 |a Το μεταναστευτικό φαινόμενο και προσβολή δικαιωμάτων του ανθρώπου :   |b ισορροπία τρόμου μεταξύ ασφάλειας, ελευθερίας και δικαιοσύνης στην Ευρωπαϊκή Ένωση : διπλωματική εργασία /   |c Χριστίνα Βύρη.  
260 |c 2016.  
300 |a 97 σ. :   |b πιν. ;   |c 30 εκ.  
500 |a Εξεταστική επιτροπή: Παναγιώτης Γρηγορίου (επιβλέπων), Στέλιος Περράκης, Κωνσταντίνος Ζώρας.  
502 |a Διατριβή (μεταπτυχιακή) - Πανεπιστήμιο Αιγαίου, Λέσβος, 2016.  
504 |a Βιβλιογραφία: σ. 92-96.  
506 1 |a Ηλεκτρονική διάθεση στο πλήρες κείμενο - περιορισμένης πρόσβασης ;   |d Ελεύθερη διάθεση μόνο στα μέλη του Πανεπιστημίου Αιγαίου.  
520 8 |a Η εργασία κατανέμει τη δομή της σε δύο μέρη: στο πρώτο μέρος, επιχειρείται η παρουσίαση της Ευρωπαϊκής Μεταναστευτικής Πολιτικής και εξετάζεται η συμβατότητά της με τα ανθρώπινα δικαιώματα. Στο δεύτερο μέρος της εργασίας ερευνάται η θέση της Ελλάδας στο χώρο ελευθερίας, ασφάλειας και δικαιοσύνης της Ε.Ε. Μετά την επισκόπηση της εξέλιξης της μεταναστευτικής πολιτικής της Ελλάδας μέσα από τη νομοθεσία της, περιγράφονται οι πρακτικές της ελληνικής διοίκησης απέναντι στο μεταναστευτικό και προσφυγικό φαινόμενο και ειδικότερα τα συστημικά προβλήματα της Ελλάδας και οι παθογένειες του ελληνικού συστήματος απονομής ασύλου αφενός και οι συνθήκες κράτησης μεταναστών και προσφύγων αφετέρου. Γίνεται συνοπτική περιγραφή των συστάσεων που απηύθυναν διεθνείς οργανισμοί προς την Ελλάδα, προκειμένου να σταματήσει τη συστηματική καταπάτηση θεμελιωδών ανθρωπίνων δικαιωμάτων μεταναστών και προσφύγων με την μακροχρόνια κράτησή τους υπό συνθήκες οι οποίες συνιστούσαν ταπεινωτική και απάνθρωπη μεταχείριση σύμφωνα με το άρθρ. 3 της Ευρωπαϊκής Σύμβασης των Δικαιωμάτων του Ανθρώπου. Περαιτέρω,περιγράφεται με στοιχεία και σχετικούς πίνακες η μετατροπή της Ελλάδας σε κύρια πύλη εισόδου προσφύγων και μεταναστών στην Ευρωπαϊκή Ένωση από το 2015 έως και την έναρξη υλοποίησης της συμφωνίας Ευρωπαϊκής Ένωσης-Τουρκίας. Γίνεται ιδιαίτερη περιγραφή στοιχείων σχετικά με τις αφίξεις στην Ελλάδα και στο νησί της Λέσβου, από το οποίο πέρασε το 59% συνολικά του προσφυγικού ρεύματος.  
540 |a Κλειδωμένη η δυνατότητα αντιγραφής (copy) από το ηλεκτρονικό κείμενο.  
650 0 |a Emigration and immigration. 
650 0 |a Human rights. 
651 0 |a European Union countries  |x Emigration and immigration  |x Government policy. 
651 0 |a Greece  |x Emigration and immigration  |x Government policy. 
700 1 |a Γρηγορίου, Παναγιώτης Γ.  |e dgs 
710 2 |a Πανεπιστήμιο Αιγαίου.   |b Σχολή Κοινωνικών Επιστημών.   |b Τμήμα Κοινωνιολογίας.   |b Μεταπτυχιακό Πρόγραμμα Σπουδών Ευρωπαϊκές Κοινωνίες και Ευρωπαϊκή Ολοκλήρωση. 
852 |a INST  |b LESVOS  |c DIATR  |e 20171206  |h 120  |p 005100059877  |q 005100059877  |t MTXE  |y 23 
856 |u http://hdl.handle.net/11610/17900 
924 |a Βύρη  |b Χριστίνα  |y Λέσβος  |z 2017-04 
970 |a Πατσή   |b Ανθίππη  |z 06-12-2017